|
|
|
|
| LEADER |
00000nam a2200000 a 4500 |
| 001 |
vtls001325083 |
| 003 |
SK-MaSNL |
| 005 |
20260301114224.0 |
| 008 |
240509s1997 xo a r y 0 ger |
| 015 |
|
|
|a SNBA1998/08-02718
|
| 020 |
|
|
|a 8085679361
|
| 035 |
|
|
|a SNK000277827
|
| 035 |
|
|
|a urn:nbn:sk:snk-amkhg9
|
| 035 |
|
|
|a urn:nbn:sk:snk-am008gia
|
| 035 |
|
|
|a C54459CA-8C4B-46B4-B460-ABF8BBF5F2CD
|
| 040 |
|
|
|a SNK
|b slo
|c SNK
|e AACR2
|
| 041 |
0 |
|
|a ger
|
| 044 |
|
|
|a xo
|c SK
|
| 080 |
|
|
|a 803.0-318(075.8)
|2 1981
|
| 100 |
1 |
|
|a Vajičková, Mária
|4 aut
|9 7838
|
| 245 |
1 |
0 |
|a Deutsche Phraseologie unter fremdsprachendidaktischen Aspekten
|c Mária Vajičková
|
| 260 |
|
|
|a Bratislava
|b Terra
|c 1997
|
| 300 |
|
|
|a 130 s.
|c 21 cm
|
| 504 |
|
|
|a Bibliogr. s. 125-130
|
| 650 |
0 |
7 |
|a nemčina
|x frazeológia
|2 SNK
|9 457393
|
| 655 |
|
7 |
|a Textbooks (higher)
|2 SNKPHeng
|9 276436
|
| 655 |
|
7 |
|a učebnice vysokých škôl
|2 SNKPH
|9 70191
|
| 655 |
|
7 |
|a učebnice
|2 SNK
|9 22521
|
| 919 |
|
|
|a 80-85679-36-1
|
| 958 |
|
|
|a OND
|
| 958 |
|
|
|a TL
|
| 958 |
|
|
|a NB
|
| 958 |
|
|
|a UV
|
| 999 |
|
|
|c 717550
|d 719480
|
| 952 |
|
|
|t P60, <03>, [BOOK], {603}
|a SNK
|b SNK
|y PREZ
|7 0
|p 17A0128048
|o snkSC 95379
|i snkKSP 3116/98
|0 0
|1 0
|4 0
|d 1998-03-20
|f 1
|l 0
|r 2025-09-12 00:00:00
|w 2026-02-23
|
| 952 |
|
|
|t P60, <09>, [BOOK], {629}
|a SNK
|b SNK
|y NEVYP
|7 0
|o snkC 285
|i snk535/980323
|0 0
|1 0
|4 0
|d 1998-03-20
|l 0
|r 2005-01-02 00:00:00
|w 2026-02-23
|
| 952 |
|
|
|t P60, <04>, [BOOK], {604}
|a SNK
|b SNK
|y VYP
|7 0
|p 17A0128049
|o snkSC 95379 D1
|i snkKSP 3117/98
|0 0
|1 0
|4 0
|d 1998-03-20
|l 0
|r 2005-01-02 00:00:00
|w 2026-02-23
|